| 000 | 01151cam a2200241 4500 | ||
|---|---|---|---|
| 001 | ABS68027 | ||
| 008 | 040721n2004 000 0 eng u | ||
| 035 | _a(Sirsi) u126892 | ||
| 100 | _aHickman, L. | ||
| 245 | _aBracing for disaster | ||
| 260 | _c2004 | ||
| 490 |
_aLaw Society's Gazette _v101(26) 1 July 2004, 18-19(2) |
||
| 520 | _aDiscusses the threat of terrorism in London. Considers that many firms and the London emergency services would not be able to cope with a terrorist attack. Notes that a disaster recovery policy cannot cater for every possiblity although some firms have invested in disaster recovery sites with certain guarantees such as 100 workstations that would be accessible within three hours. Examines further measures which firms could take including a basic disaster recovery policy and simple measures such as installing CCTV cameras in offices and underground car parks. | ||
| 590 | _aABS | ||
| 590 | _aABS | ||
| 650 | _aTERRORIST THREAT | ||
| 650 | _aDISASTER PLANNING | ||
| 650 | _aDISASTER RECOVERY | ||
| 650 | _aLONDON | ||
| 650 | _aLAW FIRMS | ||
| 690 |
_aFACILITIES MANAGEMENT _96240 |
||
| 942 | _n0 | ||
| 999 |
_c117746 _d117746 |
||